000
00283nam a22001337a 4500
008
170216b xxu||||| |||| 00| 0 eng d
020
_a
9780716731139
041
_a
eng
080
_a
615
100
_a
5
101
_a
SHF
245
_a
THE DRUG ACTION
_c
JULIEN, R.M
942
_2
udc
_c
BK
999
_c
5697
_d
5697